[Event "MCR mladeze, Kouty 2018 - H16"]
[Site "Kouty nad Desnou"]
[Date "2018.03.15"]
[Round "7"]
[White "Sprenar, Petr"]
[Black "Gloser, David"]
[Result "1/2-1/2"]
[WhiteElo "2191"]
[BlackElo "2067"]
[EventDate "2018.03.10"]

1. d4  Nf6  2. Nf3  g6
3. c4  c5  4. d5
b5  5. Qc2  bxc4
6. e4  d6  7. Bxc4
Bg7  8. O-O  O-O
9. Nc3  Nbd7  10. Re1
Ng4  11. Bf1 Nde5  12. Nxe5
Nxe5  13. h3  a5
14. f4  Nd7  15. Bd2
Ba6  16. Nb5  Qb6
17. a4  Rfc8  18. Bc4
Rab8  19. Bc3  Bxb5
20. axb5  Ra8  21. e5
Qd8  22. e6  Nf6
23. Qd2  a4  24. exf7+
Kxf7  25. Qc2  Qd7
26. Re6  Rg8  27. Rxa4
Rxa4  28. Qxa4  Nh5
29. Qd1  Rf8  30. f5
Qa7  31. fxg6+  hxg6
32. Qb1  Nf4  33. g3
Bxc3  34. gxf4  Bf6
35. Re2  Qd7  36. Rg2
g5  37. Qh7+  Ke8
38. Qg6+  Kd8  39. Qd3
gxf4  40. Qf3  Qa7
41. Qa3  Qxa3  42. bxa3
f3  43. Rg4  Kc7
44. h4  Ra8  45. Rf4
Bd4+  46. Kh1  Rxa3
47. Bf1  Be5  48. Rf7
Bf6  49. Kh2  Bxh4
50. Rf5  Bf6  51. Kg3
Be5+  52. Kf2  Bd4+
53. Kg3  f2+  54. Kg2
Ra8  55. Rf7  Rg8+
56. Kf3  Rg1  57. Ke2
Bf6  58. Kxf2  Rxf1+
59. Kxf1  Kb6  60. Ke2
Kxb5  61. Rh7  Kc4
62. Rh5  Kd4  63. Kd2
c4  64. Kc2  Be5
65. Rh7  Kxd5  66. Rxe7
Kd4  67. Rh7  d5
68. Rh1  Kc5  69. Rh5
Bf4  1/2-1/2

[Event "MCR mladeze, Kouty 2018 - H16"]
[Site "Kouty nad Desnou"]
[Date "2018.03.15"]
[Round "7"]
[White "Smid, Pavel"]
[Black "Stinka, Jakub"]
[Result "0-1"]
[WhiteElo "1870"]
[BlackElo "2137"]
[EventDate "2018.03.10"]

1. e4  c5  2. Nf3  d6
3. c3  Nf6  4. Be2
Nc6  5. d4  cxd4
6. cxd4  d5  7. e5
Ne4  8. O-O  e6 9. Nc3
Be7  10. Bd3  f5
11. exf6  Nxf6  12. Ne5
O-O  13. Nxc6  bxc6
14. Be3  c5  15. dxc5
e5  16. Bg5  Be6
17. b4  Qc7  18. Bc2
Rad8  19. Bb3  e4
20. Bxf6  Bxf6  21. Nxd5
Bxd5  22. Bxd5+  Kh8
23. Rb1  Qe5  24. Qa4
Rxd5  25. c6  Qf4
26. Rbd1  Rh5  27. g3
Qg4  0-1

[Event "MCR mladeze, Kouty 2018 - H16"]
[Site "Kouty nad Desnou"]
[Date "2018.03.15"]
[Round "7"]
[White "Vraj, Ondrej"]
[Black "Ocko, Dominik"]
[Result "1/2-1/2"]
[WhiteElo "1855"]
[BlackElo "1979"]
[EventDate "2018.03.10"]

1. e4  c5  2. Nf3  d6
3. d4  cxd4  4. Nxd4
Nf6  5. Nc3  Nc6
6. f3  Qb6  7. Nb3
e6  8. Bg5  Be7
9. Qd2  O-O  10. O-O-O  Rd8 11.
Qe3  Qxe3+  12. Bxe3  b6
13. Nd4  Bb7  14. Nxc6
Bxc6  15. Bc4  Rab8
16. a4  Nd7  17. Nb5
Ne5  18. Be2  a6
19. Nc7  Bxa4  20. Nxa6
Rdc8  21. Rd2  Ra8
22. Kb1  b5  23. Nb4
d5  24. Na2  Nc4
25. Bxc4  dxc4  26. Rd7
Bf8  27. Rb7  Bxc2+
28. Kxc2  Rxa2  29. Rxb5
c3  30. Kb1  Rca8
31. Kc2  Rc8  32. Kb1
Raa8  33. Rc1  cxb2
34. Rxc8  Rxc8  1/2-1/2

[Event "MCR mladeze, Kouty 2018 - H16"]
[Site "Kouty nad Desnou"]
[Date "2018.03.15"]
[Round "7"]
[White "Demko, Robert"]
[Black "Szotkowski, David"]
[Result "1/2-1/2"]
[WhiteElo "1853"]
[BlackElo "1898"]
[EventDate "2018.03.10"]

1. d4  Nf6  2. c4  e6
3. Nc3  Bb4  4. Qc2
O-O  5. a3  Bxc3+
6. Qxc3  b6  7. Bg5
Bb7  8. Nf3  d6
9. g3  c5 10. Bg2  cxd4  11. Qxd4
Nc6  12. Qd1  h6
13. Bd2  Ne5  14. b3
Nxf3+  15. Bxf3  Bxf3
16. exf3  d5  17. O-O
dxc4  18. bxc4  Qd3
19. Bb4  Rfd8  20. Qxd3
Rxd3  21. Kg2  Rc8
22. Rfc1  a5  23. Be1
Nd7  24. Ra2  Nc5
25. f4  Nb3  26. Rcc2
Rd4  27. Rc3  a4
28. Rac2  Rd1  29. Re3
b5  30. c5  Rxc5
31. Rxc5  Nxc5  32. Bb4
Nd3  33. Ba5  b4
34. axb4  a3  35. b5
a2  36. Bc3  Nc5
37. b6  a1=Q  38. Bxa1
Rxa1  39. Rb3  Ra8
40. Rb5  Nd7  41. f5
exf5  42. Rxf5  Nxb6
43. Rc5  g6  44. h4
Kg7  45. Rc6  Nd5
46. Rd6  Nf6  47. Rd4
Ra3  48. Rd2  g5
49. hxg5  hxg5  50. Re2
g4  51. Re5  Kg6
52. Re7  Nh7  53. Re8
Ng5  54. Rg8+  Kf5
55. Rb8  Ra1  56. Rb4
Nf3  57. Rf4+  Kg5
58. Rxg4+  Kh5  59. Rf4
Ng5  60. Rf5  Kg6
61. Rf4  Ra2  62. Kh2
Ne6  63. Rf3  Ng5
64. Rf4  f5  65. Kg2
Ne4  66. g4  Rxf2+
67. Rxf2  Nxf2  68. gxf5+
Kxf5  69. Kxf2  Ke5 1/2-1/2

[Event "MCR mladeze, Kouty 2018 - H16"]
[Site "Kouty nad Desnou"]
[Date "2018.03.15"]
[Round "7"]
[White "Nagy, Ladislav"]
[Black "Broz, Petr"]
[Result "1-0"]
[WhiteElo "1956"]
[BlackElo "1746"]
[EventDate "2018.03.10"]

1. e4  e6  2. d3  d5
3. Nd2  c5  4. Ngf3
Nc6  5. g3  Nf6
6. Bg2  Be7  7. O-O  O-O
8. Re1  Qc7  9. e5
Nd7  10. Qe2  Re8
11. Nf1  f6  12. exf6
Bxf6 13. Ng5  Nde5  14. Nxh7
Nd4  15. Nxf6+  gxf6
16. Qd1  Qh7  17. Bf4
Ng6  18. Be3  Ne5
19. f4  Ng6  20. c3
Nf5  21. Bxc5  b6
22. Bf2  Kf7  23. Qa4
Rg8  24. c4  Nfe7
25. f5  Ne5  26. cxd5
exd5  27. d4  N5c6
28. Qb3  Qxf5  29. Ne3
Qh5  30. Nxd5  Na5
31. Rxe7+  1-0

[Event "MCR mladeze, Kouty 2018 - H16"]
[Site "Kouty nad Desnou"]
[Date "2018.03.15"]
[Round "7"]
[White "Nemec, David"]
[Black "Khadash, Kamil"]
[Result "1/2-1/2"]
[WhiteElo "1902"]
[BlackElo "1685"]
[EventDate "2018.03.10"]

1. e4  c6  2. d4  d5
3. exd5  cxd5  4. c4
Nf6  5. Nc3  e6
6. Nf3  Bb4  7. Bg5  O-O
8. a3  Bxc3+  9. bxc3
a6  10. c5  Qa5
11. Qc2  Ne4  12. Bd2  Nc6
13. Bd3  f5  14. O-O
Qc7 15. c4  1/2-1/2

[Event "MCR mladeze, Kouty 2018 - H16"]
[Site "Kouty nad Desnou"]
[Date "2018.03.15"]
[Round "7"]
[White "Travnicek, Krystof Mikulas"]
[Black "Kopec, Ladislav"]
[Result "1-0"]
[WhiteElo "1859"]
[BlackElo "1780"]
[EventDate "2018.03.10"]

1. d4  d5  2. c4  e6
3. Nc3  Be7  4. Nf3
Nf6  5. Bg5  O-O
6. e3  h6  7. Bh4
b6  8. cxd5  Nxd5
9. Bxe7  Qxe7  10. Nxd5
exd5  11. Be2  Be6
12. O-O  Rc8  13. Rc1
c5 14. dxc5  bxc5  15. Qa4
Qb7  16. Qb5  Qb6
17. Ne5  Nd7  18. Nxd7
Bxd7  19. Qxd7  Qxb2
20. Bf3  Rd8  21. Qa4
1-0

[Event "MCR mladeze, Kouty 2018 - H16"]
[Site "Kouty nad Desnou"]
[Date "2018.03.16"]
[Round "8"]
[White "Skalsky, Alexandr"]
[Black "Mladek, Richard"]
[Result "1-0"]
[WhiteElo "2109"]
[BlackElo "2134"]
[EventDate "2018.03.10"]

1. e4  e5  2. Nf3  Nc6
3. d4  exd4  4. Nxd4
Nf6  5. Nxc6  bxc6
6. Qe2  Qe7  7. Nc3
Qe6  8. a3  d5
9. exd5  cxd5  10. Nb5  Bd6
11. Nxd6+  cxd6  12. Bf4
Rb8  13. Bxd6  Rxb2
14. O-O-O  Rb7  15. Bb4
Kd8  16. Qc4  Bd7
17. Qa6  Kc7  18. Ba5+
Kb8  19. Qxe6  Bxe6
20. Ba6  Re7  21. Rd4
Bc8  22. Bb4  Re4
23. Rxe4  Nxe4  24. Bb5
a6  25. Bc6  Be6
26. f3  Rc8  27. Ba4
Nc3  28. Bb3  d4
29. Bxe6  fxe6  30. Kd2
Kb7  31. Re1  Rc6
32. Bxc3  dxc3+  33. Kd3
Kc7  34. Re4  Kd6
35. Rc4  Rb6  36. Rb4
Rc6  37. Rc4  Rb6
38. Kxc3  Rb1  39. Ra4
Rh1  40. Rxa6+  Ke7
41. h3  Rh2  42. Ra4
h5  43. Ra5  Rxg2
44. Rxh5  Rg3  45. a4
Rxf3+  46. Kb4  g6
47. Rh7+  Kd6  48. a5
Rf1  49. a6  Ra1
50. a7  e5  51. Kb5
e4  52. Rg7  Kd5
53. Kb6  e3  54. Re7
Kd4  55. Re8  Kc3
56. Rxe3+  Kxc2  57. Re5
1-0

[Event "MCR mladeze, Kouty 2018 - H16"]
[Site "Kouty nad Desnou"]
[Date "2018.03.16"]
[Round "8"]
[White "Vorisek, Jakub"]
[Black "Bulockin, Martin"]
[Result "0-1"]
[WhiteElo "2083"]
[BlackElo "2099"]
[EventDate "2018.03.10"]

1. e4 c5 2. Nf3 Nc6 3. d4 cxd4 4. Nxd4 g6 5. Be2 Nf6 6. Nc3 Bg7 7. Nb3 O-O 8. O-O
a6 9. a4 d6 10. Bg5 Be6 11. Kh1 Na5 12. f4 Nxb3 13. cxb3 Qb6 14. Ra3 Qc5 15. Qd3
d5 16. Bxf6 Bxf6 17. Nxd5 Bxd5 18. exd5 Rad8 19. Bf3 Bxb2 20. Ra2 Bf6 21. Qc4 Qd6
22. b4 Rc8 23. Qe4 Rc3 24. g3 Rfc8 25. Be2 Rb3 26. b5 Rb4 27. Qg2 a5 28. Rd1 Kg7
29. h3 Rc3 30. Rd3 Rb1+ 31. Kh2 Rcc1 32. Rad2 b6 33. Rd1 Rxd1 34. Bxd1 Qb4 35.
Qf3 Rb2+ 36. Kg1 Qe1+ 37. Qf1 Bd4+ 0-1

[Event "MCR mladeze, Kouty 2018 - H16"]
[Site "Kouty nad Desnou"]
[Date "2018.03.16"]
[Round "8"]
[White "Ludvik, Tomas"]
[Black "Riha, Vojtech"]
[Result "0-1"]
[WhiteElo "2115"]
[BlackElo "2097"]
[EventDate "2018.03.10"]

1. d4  Nf6  2. c4  c5
3. d5  e6  4. Nc3
exd5  5. cxd5  d6
6. Nf3  g6  7. Bf4
Bg7  8. Qa4+  Bd7
9. Qb3  b5  10. Bxd6
Qb6  11. Be5  O-O
12. e3  c4  13. Qd1
b4  14. Nb1  Bb5
15. a4  Ba6  16. Nbd2
Nbd7  17. Bd4  Qb7
18. Bxc4  Bxc4  19. Nxc4
Qxd5  20. b3  Rfd8
21. O-O  Nc5  22. Rc1
Nfe4  23. Bxg7  Kxg7
24. Nd4  Nc3  25. Qg4
h5  26. Qh4  Rac8
27. Na5  Nd3  28. Rxc3
bxc3  29. Nc4  Nc5
30. h3  Nxb3  31. Nxb3
Rxc4  32. Nd4  c2
33. Rc1  Rb8  34. Kh2
Qe5+  35. g3  Qf6
36. Qxf6+  Kxf6  37. Rxc2
Rxc2  38. Nxc2  Rb2
0-1

[Event "MCR mladeze, Kouty 2018 - H16"]
[Site "Kouty nad Desnou"]
[Date "2018.03.16"]
[Round "8"]
[White "Zvolensky, David"]
[Black "Stinka, Jakub"]
[Result "0-1"]
[WhiteElo "1928"]
[BlackElo "2137"]
[EventDate "2018.03.10"]

1. e4  c5  2. b3  Nc6
3. Bb2  d6  4. Bb5
Bd7  5. f4  Nf6
6. Nc3  e6  7. Nf3  a6
8. Bxc6  Bxc6  9. Qe2
Be7  10. d4  cxd4
11. Nxd4  Qc7  12. O-O-O
O-O-O  13. f5  Bd7
14. Kb1  Rhe8  15. Qf3
e5  16. Nde2  g6
17. g4  gxf5  18. gxf5
Bc6  19. Nd5  Bxd5
20. exd5  Rg8  21. Rhg1
Qc5  22. c4  Kb8
23. Bc1  Qc8  24. Ng3
b5  25. cxb5  axb5
26. Qd3  Qb7  27. Be3
Rc8  28. Ne4  Rxg1
29. Bxg1  Nxe4  30. Qxe4
Bd8  31. Qe3  Ba5
32. Rc1  Rxc1+  33. Kxc1
Bb4  34. Qd3  Ba5
35. Kd1  Bb6  36. Bxb6
Qxb6  37. Ke2  Qc5
38. Kf3  Kb7  39. a4
Kb6  40. Ke4  bxa4
41. bxa4  Qb4+  42. Kf3
Qxa4  43. Qb1+  Kc5
44. Qb7  Qf4+  45. Kg2
Qg4+  46. Kf2  Qxf5+
47. Ke2  Qe4+  48. Kf2
Qxd5  49. Qa7+  Kb5
0-1

[Event "MCR mladeze, Kouty 2018 - H16"]
[Site "Kouty nad Desnou"]
[Date "2018.03.16"]
[Round "8"]
[White "Dolansky, Lukas"]
[Black "Nehyba, Martin"]
[Result "1-0"]
[WhiteElo "2074"]
[BlackElo "2112"]
[EventDate "2018.03.10"]

1. c4  e6  2. e3  d5
3. Nf3  Nf6  4. b3
Be7  5. Bb2  c6
6. Be2  Nbd7  7. O-O  O-O
8. Qc2  Bd6  9. d4
Re8  10. Nc3  Qc7
11. h3  Bb4  12. a3
Bd6  13. b4  a6
14. Rfc1  b5  15. c5  Be7
16. a4  Bb7  17. Bd3
Nf8  18. Ra2  N6d7
19. Rca1  Ng6  20. Ne2
Bf6  21. Bc3  Kh8
22. axb5  axb5  23. Qb2
Rxa2  24. Rxa2  Ra8
25. Rxa8+  Bxa8  26. Qa1
Bb7  27. Ng3  Qb8
28. e4  Be7  29. exd5
exd5  30. Nf5  Bf8
31. Qc1  Nf4  32. Bf1
g6  33. Ne3  f6
34. Bd2  Ne6  35. Nxd5  cxd5
36. c6  Nb6  37. cxb7
Nc4  38. Qe1  Nc7
39. Bf4  Qxb7  40. Bxc7
Qxc7  41. Qe8  Qd6
42. Qxb5  Nb6  43. Qc5
Kg7  44. Bd3  Kf7
45. h4  Be7  46. h5
Na4  47. hxg6+  hxg6
48. Qc2  Qxb4  49. Bxg6+
Ke6  50. Qc6+  Bd6
51. Qc8+  1-0

[Event "MCR mladeze, Kouty 2018 - H16"]
[Site "Kouty nad Desnou"]
[Date "2018.03.16"]
[Round "8"]
[White "Ocko, Dominik"]
[Black "Gloser, David"]
[Result "0-1"]
[WhiteElo "1979"]
[BlackElo "2067"]
[EventDate "2018.03.10"]

1. d4  Nf6  2. Nf3  b6
3. Bf4  Bb7  4. e3
e6  5. Bd3  d6
6. Nbd2  Nbd7  7. O-O  Qe7
8. e4  e5  9. Be3
g6  10. Qe2  Bg7
11. dxe5  dxe5  12. c4
O-O  13. Bg5  h6
14. Be3  Ng4  15. a3
f5  16. h3  Ngf6
17. exf5  e4  18. Bd4
Rae8  19. Rfe1  Qd8
20. Nxe4  Nxe4  21. Bxg7
Kxg7  22. Nd4  Ndc5
23. Ne6+  Rxe6  24. fxe6
Qxd3  25. Qxd3  Nxd3
26. Re3  Ndxf2  27. Rae1
Rf6  28. e7  Kf7
29. Rf3  Kxe7  30. Rfe3
Rd6  31. b4  Rd1
32. Rxd1  Nxd1  33. Rd3
Nb2  34. Re3  Nxc4
35. Rd3  c5  36. bxc5
bxc5  37. Rb3  Ncd6
38. Rb2  c4  39. Kf1
c3  40. Rc2  Ba6+
41. Ke1  Bd3  0-1

[Event "MCR mladeze, Kouty 2018 - H16"]
[Site "Kouty nad Desnou"]
[Date "2018.03.16"]
[Round "8"]
[White "Svanda, Ondrej"]
[Black "Vraj, Ondrej"]
[Result "0-1"]
[WhiteElo "2057"]
[BlackElo "1855"]
[EventDate "2018.03.10"]

1. c4  c6  2. Nf3  Nf6
3. e3  d5  4. b3
Bg4  5. Qc2  Nbd7
6. Bb2  e6  7. d3
Bd6  8. Nbd2  Qc7
9. h3  Bxf3  10. Nxf3
e5  11. O-O-O  O-O-O
12. d4  exd4  13. Nxd4
dxc4  14. Bxc4  Nb6
15. Be2  Be5  16. Qf5+
Rd7  17. g4  g6
18. Qc2  Nfd5  19. Kb1  Re8
20. g5  Kb8  21. Bg4
Rdd8  22. a3  Qe7
23. h4  c5  24. Ne2
Bxb2  25. Kxb2  f5
26. Bf3  Qe5+  27. Ka2
Rc8  28. Bxd5  Nxd5
29. Qc4  Red8  30. Rd3
Rd6  31. Rhd1  Nb4+
32. axb4  Ra6+  33. Qxa6
bxa6  34. f4  Qe7
35. bxc5  Rxc5  36. Kb2
Rc8  37. Nd4  a5
38. Nb5  Qc5  39. Rd5
Qxe3  40. Nd6  Rc6
41. Nc4  Qxf4  42. Nxa5
Rc8  43. R1d4  Qc1+ 0-1

[Event "MCR mladeze, Kouty 2018 - H16"]
[Site "Kouty nad Desnou"]
[Date "2018.03.16"]
[Round "8"]
[White "Demko, Robert"]
[Black "Sprenar, Petr"]
[Result "0-1"]
[WhiteElo "1853"]
[BlackElo "2191"]
[EventDate "2018.03.10"]

1. d4  d5  2. c4  e6
3. Nc3  Bb4  4. a3
Bxc3+  5. bxc3  c5
6. Nf3  Nf6  7. Bg5
Qa5  8. Bd2  dxc4
9. e3  Qc7  10. Bxc4
O-O  11. Bd3  b6
12. O-O  Bb7  13. Re1
Be4  14. Bxe4  Nxe4
15. Qc2  Qb7  16. Ne5
Rc8  17. f3  Nd6
18. Qa2  Nc6  19. Nxc6
Qxc6  20. e4  cxd4
21. cxd4  Qa4 22. Be3  Rc3
23. Bf2  Rac8  24. d5
e5  25. Qb2  f6
26. Qb4  Qxb4  27. axb4  Nb5
28. h3  Kf7  29. Red1
Ke7  30. d6+  Kd7
31. Ra6  Rc1  32. Rxc1
Rxc1+  33. Kh2  Rc6
34. Ra2  Kxd6  35. Rd2+
Kc7  36. Rd5  a6
37. Rd2  Rd6  38. Rc2+
Kb7  39. Kg3  Nd4
40. Ra2  Ne6  41. Be3
Rd3  42. Kf2  Nd4
43. f4  Rb3  44. Bd2
Nc6  45. fxe5  fxe5
46. h4  Nxb4  47. Ra1
a5  48. h5  Rd3
49. Ke2  Rd4  50. Bxb4  Rxe4+
51. Kd3  Rxb4  52. Re1
Rg4  53. Rxe5  Rxg2
54. Kc4  Rg4+  55. Kb3
h6  56. Kc3  Rg5
57. Re7+  Ka6  58. Kb3
Kb5  59. Ra7  a4+
0-1

[Event "MCR mladeze, Kouty 2018 - H16"]
[Site "Kouty nad Desnou"]
[Date "2018.03.16"]
[Round "8"]
[White "Nagy, Ladislav"]
[Black "Travnicek, Krystof Mikulas"]
[Result "1-0"]
[WhiteElo "1956"]
[BlackElo "1859"]
[EventDate "2018.03.10"]

1. e4  c5  2. Nc3  Nc6
3. g3  g6  4. Bg2
Bg7  5. d3  d6
6. f4  e6  7. Nf3  Nge7
8. O-O  O-O  9. Be3
Rb8  10. Bf2  b5
11. d4  cxd4  12. Nxd4
b4  13. Nce2  Ba6
14. Re1  Qc7  15. Rc1
Rfd8  16. b3  e5
17. Nxc6  Nxc6  18. c4
Na5  19. Qc2  Rbc8
20. Rcd1  Nc6  21. Rf1
Nb8  22. fxe5  dxe5
23. Rxd8+  Rxd8  24. Rd1
Nc6  25. Rd5  Nd4
26. Nxd4  exd4  27. Qd2
Rxd5  28. exd5  Qe5
29. Qxb4  d3  30. Qd2
Bc8  31. Qxd3  Qa1+
32. Bf1  Qxa2  33. d6
Bd7  34. c5  Qa5
35. Qa6  Qxa6  36. Bxa6
Kf8  37. b4  1-0

[Event "MCR mladeze, Kouty 2018 - H16"]
[Site "Kouty nad Desnou"]
[Date "2018.03.16"]
[Round "8"]
[White "Khadash, Kamil"]
[Black "Smid, Pavel"]
[Result "0-1"]
[WhiteElo "1685"]
[BlackElo "1870"]
[EventDate "2018.03.10"]

1. b3  f5  2. Bb2  e6
3. Nf3  Nf6  4. e3
b6  5. c4  Bb7
6. Be2  g6  7. Na3  Bg7
8. Rc1  O-O  9. d3
c5  10. Nb5  d6
11. Ng5  Re8  12. Bf3  Nc6
13. h4  h6  14. Bxf6
Bxf6  15. Nxe6  Rxe6
16. Bd5  Qd7  17. Bxe6+
Qxe6  18. Nc7  Qc8
19. Nxa8  Qxa8  20. f4
Nb4  21. a3  Bxg2
22. Rh2  Bf3  23. Qd2
Na6  24. Kf2  Bg4
25. Rg1  Qf3+  26. Ke1
Nc7  27. h5  Bxh5
28. Rxh5  Qxh5  29. Qg2
Bc3+  30. Kf2  Qh4+
31. Ke2  Qh5+  32. Kf2
Qh4+  33. Ke2  Qg4+
34. Qxg4  fxg4  35. Rxg4
Kf7  36. Kf3  Ne8
37. a4  Nf6  38. Rg2
h5  39. Rc2  Be1
40. d4  Bb4  41. d5
Ng4  42. e4  Kf6
43. Re2  Bc3  44. Rc2
Bd4  45. Ra2  a5
46. Re2  g5  47. fxg5+
Kxg5  48. Rg2  Kh6
49. Kf4  Be5+  50. Kf3
Nh2+  51. Ke2  h4
52. Rg8  h3  53. Rg1
Kh5  54. Rh1  Kh4
55. Rg1  Ng4  56. Kf3
h2  0-1

[Event "MCR mladeze, Kouty 2018 - H16"]
[Site "Kouty nad Desnou"]
[Date "2018.03.16"]
[Round "8"]
[White "Broz, Petr"]
[Black "Nemec, David"]
[Result "0-1"]
[WhiteElo "1746"]
[BlackElo "1902"]
[EventDate "2018.03.10"]

1. e4  c5  2. b4  cxb4
3. a3  e5  4. Nf3
Nc6  5. Bb2  Nf6
6. Bc4  Nxe4  7. Qe2
d5  8. Bb5  Bd6
9. d3  Nc3  10. Bxc3  bxc3
11. Nxe5  O-O  12. Nxc6
Qb6  13. Ne7+  Bxe7
14. Qxe7  Qxb5  15. Nxc3
Qb2  16. Kd2  d4
17. Ne4  Qb6  18. Rab1
Qg6  19. Qg5  Qxg5+
20. Nxg5  b6  21. Rhe1
h6  22. Ne4  Be6
23. Rb4  Rfd8  24. Ng3
Rac8  25. Ne2  Rd5
26. Nxd4  a5  27. Rxb6
Rxd4  28. Re5  Ra4
29. Ra6  Rxa3  30. Rexa5
Rac3  31. Ra8  Rxc2+
32. Kd1  Kh7  0-1

[Event "MCR mladeze, Kouty 2018 - H16"]
[Site "Kouty nad Desnou"]
[Date "2018.03.16"]
[Round "8"]
[White "Szotkowski, David"]
[Black "Kopec, Ladislav"]
[Result "1-0"]
[WhiteElo "1898"]
[BlackElo "1780"]
[EventDate "2018.03.10"]

1. d4  d5  2. c4  e6
3. Nf3  Nf6  4. g3
Be7  5. Bg2  O-O
6. O-O  b6  7. b3
Bb7  8. Bb2  Nbd7
9. Nc3  c5  10. cxd5
Nxd5  11. Nxd5  exd5
12. Rc1  Nf6  13. Qc2
Ne4  14. Rfd1  Qe8
15. Ne5  cxd4  16. Bxd4
Rc8  17. Qb2  f6
18. Ng4  Bc5  19. Ne3
Qe6  20. b4  Bxd4
21. Qxd4  Rxc1  22. Rxc1
Rd8  23. Rd1  f5
24. Rc1  Qd7  25. f3
Nf6  26. Bh3  Rc8
27. Rd1  Rc6  28. Bxf5
Qe7  29. Kf2  Ba6
30. Bd3  Bxd3  31. Qxd3
Rd6  1-0

[Event "MCR mladeze, Kouty 2018 - D10"]
[Site "Kouty nad Desnou"]
[Date "2018.03.10"]
[Round "1"]
[White "Janouskova, Adela"]
[Black "Veverkova, Dorota"]
[Result "1-0"]
[WhiteElo "1399"]
[BlackElo "1086"]
[EventDate "2018.03.10"]

1. e4  e5  2. Nf3  Nf6
3. Bc4  Nc6  4. O-O
Bc5  5. c3  d5
6. exd5  Nxd5  7. d4  exd4
8. cxd4  Bb6  9. Re1+
Be6  10. Bg5  Qd6
11. Bxd5  Qxd5  12. Nc3
Qd6  13. d5  Qc5
14. dxe6  O-O  15. Be3
Qf5  16. Bxb6  axb6
17. exf7+  Rxf7  18. Qb3
Raf8  19. Rad1  Kh8
20. Qe6  Qf4  21. Nd5
Qa4  22. Qxf7  Qa8
23. Qe6  Rg8  24. Ng5
1-0

[Event "MCR mladeze, Kouty 2018 - D10"]
[Site "Kouty nad Desnou"]
[Date "2018.03.10"]
[Round "1"]
[White "Barteckova, Valerie"]
[Black "Sikorova, Jana"]
[Result "0-1"]
[WhiteElo "1080"]
[BlackElo "1295"]
[EventDate "2018.03.10"]

1. e4  c5  2. Nf3  e6
3. Nc3  a6  4. Bd3
Nc6  5. O-O  Qc7
6. Bc4  b5  7. Bb3
c4  8. d3  cxb3
9. axb3  Bb7  10. Re1  d6
11. Bf4  e5  12. Nd5
Qd8  13. Bg5  Be7
14. Be3  Nf6  15. Bb6
Qb8  16. Nc7+  Kd7
17. Nxa8 Bxa8  18. Rxa6  Bb7 19.
Ra2  Bc8  20. Be3  Rd8
21. d4  Ke8  22. Qa1
Bb7  23. dxe5  dxe5
24. Bb6  Rd7  25. c4
Bd8  26. Bxd8  Qxd8
27. cxb5  Nb4  28. Nxe5 Rd6 29.
Nc4  Rd4  30. e5  Nxa2
31. exf6+  Kf8  32. fxg7+
Kg8  33. Qxa2  Rd1
34. Kf1  Qd3+  35. Kg1
Rxe1#  0-1

[Event "MCR mladeze, Kouty 2018 - D10"]
[Site "Kouty nad Desnou"]
[Date "2018.03.10"]
[Round "1"]
[White "Hetfleischova, Elen"]
[Black "Hladka, Leontyna"]
[Result "1-0"]
[WhiteElo "1250"]
[BlackElo "1078"]
[EventDate "2018.03.10"]

1. e4  e5  2. Nf3  Nc6
3. d4  exd4  4. Nxd4
Bc5  5. Be3 Qf6 6. c3  Bb6
7. Bc4  Nge7  8. O-O
O-O  9. Na3  d6
10. Nac2  Be6  11. Nxe6  fxe6
12. Qe2  Ng6  13. Nd4
Nxd4  14. cxd4  Rae8
15. Rad1  c6  16. Qc2
d5  17. e5  Qf5
18. Bd3 Qf7 19. b3  Qd7  20. Bxg6
hxg6  21. Qxg6  Qf7
22. Qxf7+  Rxf7  23. f4
Kh7  24. Rf3  Kg6
25. g4  Rh8  26. Kg2
Rd8  27. b4  Rc8
28. h4  a5  29. a3
axb4  30. axb4  Ra8
31. Kg3  Ra4  32. h5+
Kh6  33. Kh4  Bd8+
34. Kg3  Rxb4  35. Rh1
Rb3  36. g5+  Kh7
37. g6+  Kh8  38. gxf7
Be7  39. f5  exf5
40. Kf4  Bd8  41. f8=Q+
Kh7  42. h6  gxh6
43. Rxh6# 1-0

[Event "MCR mladeze, Kouty 2018 - D10"]
[Site "Kouty nad Desnou"]
[Date "2018.03.10"]
[Round "1"]
[White "Archlebova, Stela"]
[Black "Filipova, Vanesa"]
[Result "0-1"]
[WhiteElo "1033"]
[BlackElo "1247"]
[EventDate "2018.03.10"]

1. e4  e5  2. Bc4  Nf6
3. Nc3  Nc6  4. Nf3
Nxe4  5. Nxe4  d5
6. Bd3  dxe4  7. Bxe4
Bg4  8. h3  Be6
9. Bxc6+  bxc6  10. Nxe5  Qg5
11. d4  Qxg2  12. Rf1
Rd8  13. Qf3  Qxf3
14. Nxf3  Bc4  15. Rh1
Bd5  16. Ke2  Bd6
17. Rg1  O-O  18. Ne5
Rfe8  19. Bh6  Bc4+
20. Kd2  Bxe5  21. b3
Bxd4  22. Rae1  Bxf2+
23. Kc3  Bxe1+  24. Kxc4
Re4+  25. Kc5  Bf2+
26. Kxc6  Bxg1  27. Bg5
f6  28. Kxc7  Bb6+
29. Kb7  fxg5  30. h4
gxh4  31. b4  h3
32. a4  h2  33. a5
Bf2  34. a6  h1=Q
35. Kc7  Red4  36. c4
Rxc4+  37. Kxd8  Qd5+
38. Ke8 Re4# 0-1

[Event "MCR mladeze, Kouty 2018 - D10"]
[Site "Kouty nad Desnou"]
[Date "2018.03.10"]
[Round "1"]
[White "Dobsa, Emma"]
[Black "Souralova, Jana"]
[Result "1-0"]
[WhiteElo "1195"]
[BlackElo "1016"]
[EventDate "2018.03.10"]

1. e4  e5  2. Nf3  Nc6
3. Bc4  Nf6  4. d3
Be7  5. O-O  O-O
6. Bg5  d6  7. Nc3
Bg4  8. h3  Bh5
9. Re1  Nd4  10. Re3  Nxf3+
11. Rxf3  Bxf3  12. Qxf3
Nh5  13. Bxe7  Qxe7
14. Qxh5  Qf6  15. Nd5
Qe6  16. Nxc7  Qd7
17. Nxa8  Rxa8  18. c3
h6  19. d4  Qc6
20. Qxf7+  Kh7 21. Bd5 Qb6  22. Bxb7
Rb8  23. Qf5+  Kg8
24. Bd5+  Kh8  25. dxe5
dxe5  26. Qxe5  Qxb2 27. Rd1 Qb6
28. Qd4  Qg6  29. Qxa7
Rc8  30. Rb1  Kh7
31. Rb8  Rxb8  32. Qxb8
Qf6  33. e5  Qe7
34. Qd6  Qe8  35. e6
Kg8  36. e7+  Kh7
37. Qd8  Qxd8  38. exd8=Q
Kg6  39. Be4+  Kf7
40. Bf5  g6  41. Qd7+
Kf8  42. Bxg6  Kg8 43. Qf7+ Kh8
44. Qf8#  1-0

[Event "MCR mladeze, Kouty 2018 - D10"]
[Site "Kouty nad Desnou"]
[Date "2018.03.10"]
[Round "1"]
[White "Stavova, Marketa"]
[Black "Dudkova, Josefina"]
[Result "0-1"]
[WhiteElo "1004"]
[BlackElo "1182"]
[EventDate "2018.03.10"]

1. e4  d5  2. exd5  Nf6
3. Nf3  Qxd5  4. Nc3
Qh5  5. d4  Bg4
6. Be2  Nbd7  7. Bf4  O-O-O
8. Qd3  Nd5  9. Nxd5
Qxd5  10. Qc3  c6
11. O-O-O  Qxa2  12. b3
Qa3+  13. Kb1  e6
14. Bc1  Qb4  15. Qa1
Qb6  16. h3  Bf5
17. g4  Qxb3+  18. Bb2
Bxc2+  19. Kc1  Bxd1
20. Bxd1  Qc4+  21. Kb1
Qa6  22. Ba3  Qxa3
23. Qxa3  Bxa3  24. Ka2
Bb4  25. Kb3  a5
26. Bc2  Nf6  27. Re1
c5  28. dxc5  Bxc5
29. Rc1  b6  30. Ne5
Rhf8  31. Bd3  Rd5
32. Ba6+  Kc7  33. Nc4
Rfd8  34. Nb2  Kb8
35. f3  Bd4  36. Nc4
Rc5  37. Rb1  Ka7
38. Ka4  Kxa6  39. Rxb6+
Ka7  40. Rb3  Rxc4+
41. Kxa5  Rd5+  42. Rb5
Rxb5+  43. Kxb5  Rc1
44. g5  Ne8  45. f4
Kb7  46. Kb4  Kb6
47. h4  Kc6  48. h5
Kd5  49. h6  g6
50. f5  exf5  51. Kb3  Bg1
52. Kb2  Rc8  53. Ka1
Rb8  54. Ka2  Kc4
55. Ka3  Rb7  56. Ka2
Kc3  57. Ka1  Kc2
58. Ka2  Ra7# 0-1